000 00577nam a2200181 a 4500
005 20160129180631.0
008 140115b2003 ck ||||gr|||| 00| 0 spa d
040 _aCO-BoIAVH
_cCO-BoIAVH
041 _aspa
090 _aEA
_b374
245 _aDe campesino a campesino
_bfacilitadores del desarrollo forestal participativo
260 _aManizales
_bCRQ
_bCORPOCALDAS
_bCORTOLIMA
_bCARDER
_bPACOFOR
_c2003
300 _a40 paginas.
_c23 x 21 cm
650 4 _aPlan florestal
650 4 _aParcelas
650 4 _aDesarrollo y participación.
942 _cLIBRO
_2z
999 _c4503
_d4503